| 000 | 00402 a2200121 4500 | ||
|---|---|---|---|
| 001 | ART_2700 | ||
| 005 | 20260410161709.0 | ||
| 008 | 260409a | ||
| 245 | 1 | 0 | _aEl financiamiento público de la investigación en salud en la Argentina |
| 100 | 1 | _aMaceira, Daniel | |
| 700 | 1 | _aPeralta Alcat, Martín | |
| 773 | 0 |
_tDesarrollo económico _g- Vol. 48, Nº 189 (abr./jun. 2008) _wREV1174 |
|
| 999 |
_c15918 _d15918 |
||